000 00988cam a2200277 4500
001 2658
003 BD-RjUL
005 20211208233609.0
008 13121 s1967 ilu b 000 0 eng
035 _a(BD-RjUL)2685
040 _aDLC
_cDLC
_dDLC
_dMoSU-L
_dBD-RjUL
_beng
041 _aeng
082 0 0 _a350.174
_221
_bWAP 1967
100 1 _aWarner, Kenneth O.
_q(Kenneth Oren),
_d1904-
_98574
245 1 0 _aPublic management at the bargaining table /
_c[by] Kenneth O. Warner [and] Mary L. Hennessy.
260 _aChicago :
_bPublic Personnel Association,
_c1967.
300 _axiv, 490 p. ;
_c24 cm.
504 _aBibliography: p. 435-474.
650 0 _aCollective bargaining
_xGovernment employees
_zUnited States.
_98575
650 0 _aCollective bargaining
_xGovernment employees
_zCanada.
_98576
650 0 _aEmployee-management relations in government.
_98577
700 1 _aHennessy, Mary L.,
_ejoint author.
_98578
942 _2ddc
_cBK
999 _c2658
_d2658